Most Popular Songs in USA 2/21/2026 - Statistics

General Stats
  • This quiz has been taken 11 times
  • The average score is 8 of 15
Answer Stats
Rank Artist (Version) Answer Streams Radio Airplay Sales % Correct
1. Bad Bunny DtMF 43.2 Million 5.3 Million 13 Thousand
82%
9. HUNTR/X Golden 13 Million 55.7 Million 3.5 Thousand
82%
5. Bad Bunny NUEVAyol 24.5 Million 3.1 Million 5.5 Thousand
64%
6. Alex Warren Ordinary 16.6 Million 58.2 Million 4.5 Thousand
64%
13. Sombr Back to Friends 9.3 Million 58.7 Million 1 Thousand
55%
3. Olivia Dean Man I Need 17.4 Million 63.2 Million 3 Thousand
55%
7. Bad Bunny Titi Me Pregunto 23.4 Million 1.8 Million 10 Thousand
55%
2. Bad Bunny BAILE InoLVIDABLE 28.8 Million 4.3 Million 4 Thousand
45%
11. Bad Bunny EoO 19.7 Million 5.1 Million 3.5 Thousand
45%
15. Kehlani Folded 8.7 Million 49.2 Million 0.7 Thousand
45%
10. Bruno Mars I Just Might 11.7 Million 60.9 Million 5 Thousand
45%
12. Taylor Swift The Fate Of Ophelia 12.4 Million 54.9 Million 2.5 Thousand
45%
8. Taylor Swift Opalite 14.2 Million 50.4 Million 7 Thousand
36%
4. Ella Langley Choosin' Texas 21 Million 37 Million 8.5 Thousand
27%
14. Bad Bunny VOY A LLevarte PA PR 15.3 Million 6 Million 0.6 Thousand
27%
No matching quizzes found
Score Distribution
Percent of People with Each Score
Percentile by Number Answered
Your Score History
You have not taken this quiz